Un crimen argentino /
Guardado en:
| Autor Principal: | |
|---|---|
| Formato: | Libro |
| Publicado: |
Buenos Aires :
Alfaguara,
2002.
|
| Materias: | |
| Etiquetas: |
Agregar Etiqueta
Sin Etiquetas, Sea el primero en etiquetar este registro!
|
| LEADER | 00547nam a22001815a 4500 | ||
|---|---|---|---|
| 001 | EHU.bham051223 | ||
| 008 | 230224s2002####ag############000#0#####d | ||
| 005 | 20230224092923.0 | ||
| 245 | 1 | 0 | |a Un crimen argentino / |c Reynaldo Sietecase. |
| 260 | |a Buenos Aires : |b Alfaguara, |c 2002. | ||
| 300 | |a 234 p. | ||
| 020 | |a 9505117906 | ||
| 100 | 1 | |a Sietecase, Reynaldo. | |
| 082 | A | 8 | |a A863.5 Si573 |
| 653 | |a Literatura argentina | ||
| 653 | |a Novela policial argentina | ||
| 653 | |a Colección Villar | ||
| 859 | |a AR-BHAM |b BIB. HUMANIDADES - General |h A863.5 |i Si573 |p 75.23 | ||
